Culture Générale - Série 1027 - Statistiques

Statistiques générales
  • Ce quiz a été pris 122 fois
  • Le résultat moyen est 5 sur 10
Statistiques - réponses
Question Réponse % Correct
De quel pays est originaire l'espèce de crêpe appelée "taco" ? Mexique
99%
Dans la Grèce antique, quelle était la ville rivale d'Athènes ? Sparte
79%
Quel verbe de 7 lettres signifie "rendre flou" ? flouter
73%
Quel fleuve, ayant pour homonyme un prénom masculin, arrose les villes de Pise, Florence, Empoli ? Arno
58%
Dans quel fleuve la rivière Inn se jette-t-elle ? Danube
48%
Quel oiseau appelle-t-on parfois "agace", notamment en Belgique ? pie
44%
Quel mot dont l'anagramme est "idées" signifie : "Personne qui manifeste un dévouement aveugle et fanatique à l'égard d'un maître, d'un chef, d'un parti, d'une secte" ? séide
35%
Dans quel département français se trouve la ville d'Autun ? Saône et Loire
30%
Quelle espèce maritime est appelée laimargue du Groenland ? requin
19%
En Espagne, grand jardin potager et/ou fruitier attenant à une demeure huerta
2%
Aucun quiz correspondant
Distribution des résultats
% des personnes avec chaque résultat
Percentile par nombre de réponses
Votre historique - résultats
Vous n’avez pas pris ce quiz